000 00742cam a2200253 4500
008 090401t1994 xxu||||| |||| 00| 0 eng d
020 _a0117529362
035 _a(Sirsi) u73063
041 _aeng
050 _a333.73
_c18
110 _aUnited Kingdom
_bDepartment of the Environment
_9982
245 _aMineral planning guidance
_btreatment of disused mine openings and availability of information on mined ground
260 _aLondon
_bHMSO
_c1994
300 _a31p.
_bill.
_c30cm.
350 _a6.25
490 _aMPG
_v12
650 _aDISUSED MINE OPENINGS
650 _aMINE WORKINGS
650 _aMPG12
690 _aMINING AND MINERALS
710 _aUnited Kingdom
_bWelsh Office
_91214
942 _n0
948 _c04/03/1997
999 _c95549
_d95549